000 00810cam a2200241 4500
001 WB3540-26
008 000000n1999 000 0 eng u
035 _a(Sirsi) u100423
245 _aARLA to list bad landlords
260 _c1999
490 _aNegotiator
_v14(19) 1 October 1999, 6(1)
520 _aThe Association of Residential Letting Agents (ARLA) is compiling a database of bad landlords and tenants in a bid to raise standards within the lettings industry.
590 _aWB
650 _aARLA
650 _aASSOCIATION OF RESIDENTIAL LETTING AGENTS
650 _aLANDLORDS
650 _aTENANTS
650 _aBAD LANDLORDS
650 _aDART
650 _aLETTING AGENTS
690 _aPROPERTY-RESIDENTIAL PROPERTY-RESIDENTIAL LANDLORD AND TENANT-RESIDENTIAL TENANCIES
942 _n0
999 _c60083
_d60083